000 02272nam a2200421 c 4500
003 BLK
005 20250709172219.0
008 180408b bul|||||r ||||||| ||bul||
010 _aKNG00066620000
020 _a954-528-610-5
_bиздат.: Труд - на том(т. 1)(мека подв.)(Труд)
020 _a978-954-528-610-0
_bиздат.: Труд - на том(т. 1)(мека подв.)(Труд)
020 _a954-491-281-9
_bиздат.: Жанет 45 - на том(т. 1)(мека подв.)(Жанет 45)
020 _a978-954-491-281-9
_bиздат.: Жанет 45 - на том(т. 1)(мека подв.)(Жанет 45)
040 _aBLK
041 _aBUL
_cBUL
080 _aБългарска литература
_b821.163.2
_x-94
_z821.163.2-94
080 _aИстория на България
_b94(497.2)
_x(0:82-94)
_z94(497.2)(0:82-94)
100 1 _aЦанев, Стефан Неделчев
_d1936-
_gПисател, поет, драматург.
_9364639
139 _aЦанев, Стефан Неделчев
_bЦ 16
245 1 0 _aБългарски хроники
_bПоема : Т. 1 -
_cСтефан Неделчев Цанев.
_nТ. 1
_p2137 г. пр. Хр. - 1453 г. сл. Хр.
257 _aBGR
260 София ; Пловдив
_c2006 -
_fПловдив : Жанет 45
300 _c21 см
380 _aX
500 _aОфс. изд.
650 0 _aБългария - история
_9244493
650 4 _aПрабългари
_9167314
651 4 _aБългария
_9241624
653 _aпрабългари
653 _aбългарска история
760 1 _3- на том(т. 1)(мека подв.)(Труд), - на том(т. 1)(мека подв.)(Жанет 45)
_aЦанев, Стефан Неделчев
_dТруд, Жанет 45, 2006
_h504 с.
_nКор. загл. Български хроники : История на нашия народ от 2137 г. пр. Хр. до 1453 г. сл. Хр. - Т. 1 вкл. кн. 1 - 2.
_tТ. 1 2137 г. пр. Хр. - 1453 г. сл. Хр.
852 _aЦб 228226
856 4 _qpdf
_u
856 4 _qpdf
_u
942 _cKNG
_n0
_024
944 _aCR
_c22.06.2006
_lКръстинка Христова
_k30539
944 _aED
_c21.06.2013
_lф /
_k
999 _c62396
_d62396